00529nam a2200121Ia 4500008004100000020001800041100002400059245019800083250001200281260007600293300001900369500001900388200619s9999 xx 000 0 und d a971-92221-1-5 aMontenegro, Ruel A. cRuel A. Montenegro, Genevieve - Ledesma Tan , Jocelyn P. Tizon.--aJob Ranking and Salary Schemes for School and Colleges:bAn association of school HRMD Practitioners, Inc. (AASHPI) Handbook / a3rd ed. aLas Pinas:bSouthville International Colleges System Publicationsc2010 avii, 198 pages aJob Evaluation